<?xml version="1.0" encoding="UTF-8"?>
<record
    xmlns:xsi="http://www.w3.org/2001/XMLSchema-instance"
    xsi:schemaLocation="http://www.loc.gov/MARC21/slim http://www.loc.gov/standards/marcxml/schema/MARC21slim.xsd"
    xmlns="http://www.loc.gov/MARC21/slim">

  <leader>00896nam a2200289   4500</leader>
  <controlfield tag="001">73910</controlfield>
  <controlfield tag="005">20260408111226.0</controlfield>
  <datafield tag="010" ind1=" " ind2=" ">
    <subfield code="a">9789724428437</subfield>
  </datafield>
  <datafield tag="021" ind1=" " ind2=" ">
    <subfield code="a">PT</subfield>
    <subfield code="b">542848/25</subfield>
  </datafield>
  <datafield tag="090" ind1=" " ind2=" ">
    <subfield code="a">73910</subfield>
  </datafield>
  <datafield tag="100" ind1=" " ind2=" ">
    <subfield code="a">20250509d2025    m  y0pory50030103ba</subfield>
  </datafield>
  <datafield tag="101" ind1="1" ind2=" ">
    <subfield code="a">por</subfield>
    <subfield code="c">eng</subfield>
  </datafield>
  <datafield tag="102" ind1=" " ind2=" ">
    <subfield code="a">PT</subfield>
  </datafield>
  <datafield tag="105" ind1=" " ind2=" ">
    <subfield code="a">y   z   001yy</subfield>
  </datafield>
  <datafield tag="106" ind1=" " ind2=" ">
    <subfield code="a">r</subfield>
  </datafield>
  <datafield tag="200" ind1="1" ind2=" ">
    <subfield code="a">Como deuses entre os homens</subfield>
    <subfield code="e">uma hist&#xF3;ria dos ricos no Ocidente</subfield>
    <subfield code="f">Guido Alfani</subfield>
    <subfield code="g">trad. Pedro El&#xF3;i Duarte</subfield>
  </datafield>
  <datafield tag="210" ind1=" " ind2="9">
    <subfield code="a">Coimbra</subfield>
    <subfield code="c">Edi&#xE7;&#xF5;es 70</subfield>
    <subfield code="d">2025</subfield>
  </datafield>
  <datafield tag="215" ind1=" " ind2=" ">
    <subfield code="a">496 p.</subfield>
  </datafield>
  <datafield tag="225" ind1="2" ind2=" ">
    <subfield code="a">Hist&#xF3;ria narrativa</subfield>
    <subfield code="v">84</subfield>
  </datafield>
  <datafield tag="304" ind1=" " ind2=" ">
    <subfield code="a">T&#xED;t. orig.: As Gods among men : a history of the rich in the West</subfield>
  </datafield>
  <datafield tag="675" ind1=" " ind2=" ">
    <subfield code="a">330.56-058.3(4+7)(091)</subfield>
    <subfield code="v">BN</subfield>
    <subfield code="z">por</subfield>
  </datafield>
  <datafield tag="675" ind1=" " ind2=" ">
    <subfield code="a">316.343-058.3(4+7)(091)</subfield>
    <subfield code="v">BN</subfield>
    <subfield code="z">por</subfield>
  </datafield>
  <datafield tag="675" ind1=" " ind2=" ">
    <subfield code="a">330.14-058.3(4+7)(091)</subfield>
    <subfield code="v">BN</subfield>
    <subfield code="z">por</subfield>
  </datafield>
  <datafield tag="700" ind1=" " ind2="1">
    <subfield code="a">Alfani</subfield>
    <subfield code="b">Guido</subfield>
    <subfield code="f">1976-</subfield>
    <subfield code="9">54167</subfield>
  </datafield>
  <datafield tag="702" ind1=" " ind2=" ">
    <subfield code="a">Duarte</subfield>
    <subfield code="b">Pedro El&#xF3;i</subfield>
    <subfield code="4">730</subfield>
    <subfield code="9">17828</subfield>
  </datafield>
  <datafield tag="801" ind1=" " ind2="0">
    <subfield code="a">PT</subfield>
    <subfield code="b">BN</subfield>
    <subfield code="g">RPC</subfield>
  </datafield>
  <datafield tag="942" ind1=" " ind2=" ">
    <subfield code="c">MON</subfield>
  </datafield>
  <datafield tag="995" ind1=" " ind2=" ">
    <subfield code="0">0</subfield>
    <subfield code="2">0</subfield>
    <subfield code="5">2026-01-14</subfield>
    <subfield code="9">122631</subfield>
    <subfield code="b">BMTAV</subfield>
    <subfield code="c">BMTAV</subfield>
    <subfield code="f">BMTAV72981</subfield>
    <subfield code="g">D</subfield>
    <subfield code="j">72981</subfield>
    <subfield code="k">FB7 ALF</subfield>
    <subfield code="m">2026-05-11</subfield>
    <subfield code="o">0</subfield>
    <subfield code="p">37.90</subfield>
    <subfield code="r">MON</subfield>
  </datafield>
</record>
